Spell the Marvel Hero #43 - Statistics

General Stats
  • This quiz has been taken 16 times
  • The average score is 9 of 11
Answer Stats
Picture Answer % Correct
Magik
93%
Nova
93%
Armor
86%
Domino
86%
Gambit
86%
Okoye
86%
Moondragon
79%
Omega
79%
Night Thrasher
64%
Old Lace
64%
Rictor
57%
No matching quizzes found
Score Distribution
Percent of People with Each Score
Percentile by Number Answered
Your Score History
You have not taken this quiz